000 00628nam a2200229 a 4500
005 20241022063650.0
008 991125s1991 ag 000 0 spa u
020 _a9500506114
035 _aUPN01000002343
040 _aUPN
_bspa
_cUPN
049 _aCG
050 4 _aLB3011
_bV5.2
100 1 _aViera, Silvia,
_944397
_d1952-
245 1 3 _aEl alumno problema ¿para quién? /
_cSilvia Viera.
260 _aBuenos Aires :
_bCorregidor,
_c1991.
300 _a71 p.
650 4 _aDisciplina de niños
_914102
650 4 _aNiños
_xDirección
_96094
650 4 _aPsicopedagogía
_95085
905 _aLibro
942 _2lcc
_cLIBRO
999 _c2343
_d2343